Un ragazzo all'inferno : viaggio allucinante in 19 istituti di rieducazione /

में बचाया:
ग्रंथसूची विवरण
मुख्य लेखक: Appignani, Mario (लेखक)
अन्य लेखक: Antonelli, Lamberto (संपादक), Pannella, Marco (परिचय का लेखक, आदि।)
स्वरूप: पुस्तक
भाषा:इतालवी
प्रकाशित: Roma : R. Napoleone, 1975
श्रृंखला:Inchieste ; 2
विषय:
टैग: टैग जोड़ें
कोई टैग नहीं, इस रिकॉर्ड को टैग करने वाले पहले व्यक्ति बनें!

MARC

LEADER 00000nam a22000007i 4500
001 IT\ICCU\SBL\0576847
003 ItRI
005 20250418155240.0
008 910930s1975 it |||||| ||||| |||||c
015 |2 IT  |a 757910 
040 |b ita  |c Arcigay Genova 
041 7 |a ita  |2 ISO-639-2 
082 |a 920.9  |2 17 
082 |a 920.9  |2 18 
100 1 |a Appignani, Mario  |0 IT\ICCU\SBLV\254690  |4 aut 
240 1 3 |a Un ragazzo all'inferno  |9 Appignani, Mario 
245 1 3 |a Un ragazzo all'inferno :  |b viaggio allucinante in 19 istituti di rieducazione /  |c Mario Appignani ; a cura di Lamberto Antonelli ; prefazione di Marco Pannella. 
260 |a Roma :  |b R. Napoleone,  |c 1975 
300 |a 198 p. ;  |c 21 cm 
650 7 |a RIFORMATORI ITALIANI  |2 scbi 
650 7 |a Minorenni traviati  |2 scbi 
700 1 |a Antonelli, Lamberto  |0 IT\ICCU\CFIV\100374  |4 edt 
700 1 |a Pannella, Marco  |0 IT\ICCU\RAVV\054635  |4 aui 
830 0 |a Inchieste ;  |v 2  |0 IT\ICCU\CFI\0171352 
942 |2 ddc  |c BK 
952 |0 0  |1 0  |2 ddc  |4 1  |6 920_900000000000000_APP_RAG  |7 1  |9 3852  |a GE  |b GE  |d 2025-04-18  |l 0  |o 920.9 APP RAG  |p 1579  |r 2025-04-18 15:53:57  |w 2025-04-18  |x Donazione di Alvaro Bazzano  |y BK  |z Donazione AB 
981 1 |6 z01  |a i   |b xxxe  
982 1 |6 z01  |a n 
999 |c 3003  |d 3003